Conflict, peace and human security in South Asia (Record no. 1435333)

MARC details
000 -LEADER
fixed length control field 00797 a2200241 4500
005 - DATE AND TIME OF LATEST TRANSACTION
control field 20251219153320.0
008 - FIXED-LENGTH DATA ELEMENTS--GENERAL INFORMATION
fixed length control field 251219b |||||||| |||| 00| 0 eng d
020 ## - INTERNATIONAL STANDARD BOOK NUMBER
International Standard Book Number 978-93-6080-321-6
037 ## - SOURCE OF ACQUISITION
Terms of availability TB
040 ## - CATALOGING SOURCE
Original cataloging agency CRL
Transcribing agency CRL
041 ## - LANGUAGE CODE
Source of code eng
Language code of text/sound track or separate title eng
084 ## - COLON CLASSIFICATION NUMBER
Classification number V49G.P1 R5
Assigning agency CRL
245 ## - TITLE STATEMENT
Title Conflict, peace and human security in South Asia
260 ## - PUBLICATION, DISTRIBUTION, ETC.
Place of publication, distribution, etc. New Delhi, India:
Name of publisher, distributor, etc. Manohar Publishers,
Date of publication, distribution, etc. 2025.
300 ## - PHYSICAL DESCRIPTION
Extent 199p.
365 ## - TRADE PRICE
Price amount 1295.00
Currency code INR
650 ## - SUBJECT ADDED ENTRY--TOPICAL TERM
Topical term or geographic name entry element South Asia-History
9 (RLIN) 858150
650 ## - SUBJECT ADDED ENTRY--TOPICAL TERM
Topical term or geographic name entry element Peace
9 (RLIN) 858151
650 ## - SUBJECT ADDED ENTRY--TOPICAL TERM
Topical term or geographic name entry element Political Parties
9 (RLIN) 858152
700 ## - ADDED ENTRY--PERSONAL NAME
Personal name Karki, Purna Bahadur
Relator term Editor
9 (RLIN) 858153
942 ## - ADDED ENTRY ELEMENTS (KOHA)
Koha item type Textbook
Source of classification or shelving scheme Colon Classification (CC)
Suppress in OPAC No
Classification part V49G.P1 R5
Holdings
Withdrawn status Lost status Source of classification or shelving scheme Damaged status Not for loan Home library Current library Date acquired Source of acquisition Cost, normal purchase price Inventory number Total Checkouts Full call number Barcode Date last seen Cost, replacement price Price effective from Koha item type
    Colon Classification (CC)     Central Library Central Library 2025-12-19 Bright Book Service 1036.00 2510 & 07/10/2025   V49G.P1 R5 CL1923865 2025-10-15 1295.00 2025-10-15 Textbook
Copyright @ Delhi University Library System